Vegetación acuática y palustre de la Sabana de Bogotá (Registro nro. 5686)

Detalles MARC
000 -CABECERA
Campo de control 00811nam a2200241 a 4500
005 - FECHA Y HORA DE LA ULTIMA TRANSACCION
Campo de control 20191224041813.0
008 - ELEMENTOS DE LONGITUD FIJA—INFORMACION GENERAL
Campo de control 160123b xxu||||| |||| 00| 0 spa d
040 ## - FUENTE DE CATALOGACIÓN
Agencia catalogadora original CO-BoIAVH
Agencia transcriptora CO-BoIAVH
041 ## - IDIOMA
Código de idioma para texto/pista de sonido o título separado Español
090 ## - CLASIFICACIÓN LOCAL
Colección TE
Consecutivo 0198
100 1# - ASIENTO PRINCIPAL--NOMBRE PERSONAL
Nombre personal Schmidt Mumm, Udo
9 (RLIN) 54225
245 1# - MENCION DE TITULO
Título Vegetación acuática y palustre de la Sabana de Bogotá
Parte restante del título y plano del río Ubaté
246 ## - FORMA VARIANTE DEL TITULO
Título propiamente dicho/forma breve del título ecología y taxonomía de la flora acuática y semiacuática
260 ## - PUBLICACION, DISTRIBUCION, ETC. (PIE DE IMPRENTA)
Lugar de publicación, distribución, etc. Bogotá
Nombre del editor, distribuidor, etc. Universidad Nacional de Colombia
Fecha de publicación, distribución, etc. 1998
300 ## - DESCRIPCION FISICA
Extensión 181 paginas.
Otros detalles físicos ilustraciones.;
Dimensiones 28 x 21 cm
650 #6 - ASIENTO SECUNDARIO DE MATERIA - TERMINO TEMATICO
Término temático o nombre geográfico como elemento de entrada Crecimiento
9 (RLIN) 8535
650 #6 - ASIENTO SECUNDARIO DE MATERIA - TERMINO TEMATICO
Término temático o nombre geográfico como elemento de entrada Macrofitos
Subdivisión de forma Clasificacion
9 (RLIN) 82135
650 #6 - ASIENTO SECUNDARIO DE MATERIA - TERMINO TEMATICO
Término temático o nombre geográfico como elemento de entrada Sistema fluvial
9 (RLIN) 54227
650 #6 - ASIENTO SECUNDARIO DE MATERIA - TERMINO TEMATICO
Término temático o nombre geográfico como elemento de entrada Sistema lacustre
9 (RLIN) 54229
650 #6 - ASIENTO SECUNDARIO DE MATERIA - TERMINO TEMATICO
Término temático o nombre geográfico como elemento de entrada Sistema Palustre
9 (RLIN) 54230
942 ## - ELEMENTOS ADICIONALES (KOHA)
Tipo de ítem Tesis
Sistema de clasificación Local
945 ## - PROCESAMIENTO LOCAL
AAAA-MM-DD - Fecha de ingreso o modificacion 2007-07-17
Existencias
Withdrawn status Lost status Sistema de Clasificación Damaged status No para préstamo Colección Inventariado Ubicación Permanente Ubicación actual Fecha de adquisición Total Checkouts Número topográfico Inventario / Código de Barras Date last seen Ejemplar Price effective from Tipo de material Public note
    Dewey Decimal Classification     General Inventariado 2017 Bogotá Bogotá 17/07/2007   TE-00198 024747 04/12/2012 Ej.1 04/12/2012 Tesis Disponible en fotocopia, solo para consulta en sala